Architecture and materials (Record no. 608045)

000 -LEADER
fixed length control field 00617nam a22002057a 4500
003 - CONTROL NUMBER IDENTIFIER
control field OSt
005 - DATE AND TIME OF LATEST TRANSACTION
control field 20240222162257.0
008 - FIXED-LENGTH DATA ELEMENTS--GENERAL INFORMATION
fixed length control field 170322t xxu||||| |||| 00| 0 eng d
020 ## - INTERNATIONAL STANDARD BOOK NUMBER
International Standard Book Number 9783864071980
040 ## - CATALOGING SOURCE
Transcribing agency 0
082 ## - DEWEY DECIMAL CLASSIFICATION NUMBER
Classification number 720.28
Author Mark ARC
245 00 - TITLE STATEMENT
Title Architecture and materials
Statement of responsibility, etc. Cristina Paredes Benitez (Editor)
260 ## - PUBLICATION, DISTRIBUTION, ETC.
Name of publisher, distributor, etc. GMBH,
Date of publication, distribution, etc. 2014.
300 ## - PHYSICAL DESCRIPTION
Extent 503 p.:
Other physical details ill;
Dimensions 18 cm.
650 ## - SUBJECT ADDED ENTRY--TOPICAL TERM
Topical term or geographic name entry element Building materials
9 (RLIN) 8911
650 ## - SUBJECT ADDED ENTRY--TOPICAL TERM
Topical term or geographic name entry element Materials
9 (RLIN) 8912
700 1# - ADDED ENTRY--PERSONAL NAME
Personal name Paredes Benitez,Cristina
9 (RLIN) 121149
942 ## - ADDED ENTRY ELEMENTS (KOHA)
Source of classification or shelving scheme
Koha item type Reference
Holdings
Withdrawn status Lost status Source of classification or shelving scheme Damaged status Not for loan Permanent Location Current Location Date acquired Source of acquisition Full call number Barcode Date last seen Cost, replacement price Price effective from Koha item type
          School of Art Design and Architecture (SADA) School of Art Design and Architecture (SADA) 03/13/2017 Donation 720.28 ARC 2014 SADAD0000166 02/22/2024 2296.41 02/22/2024 Book
© 2023 Central Library, National University of Sciences and Technology. All Rights Reserved.